Doing Your Research Project : (Record no. 418)

MARC details
000 -LEADER
fixed length control field 00943cam a2200289 a 4500
001 - CONTROL NUMBER
control field 3575008
003 - CONTROL NUMBER IDENTIFIER
control field OSt
005 - DATE AND TIME OF LATEST TRANSACTION
control field 20170206143119.0
008 - FIXED-LENGTH DATA ELEMENTS--GENERAL INFORMATION
fixed length control field 990202s1999 enka b 001 0 eng
010 ## - LIBRARY OF CONGRESS CONTROL NUMBER
LC control number 99017596
020 ## - INTERNATIONAL STANDARD BOOK NUMBER
International Standard Book Number 0335203884
020 ## - INTERNATIONAL STANDARD BOOK NUMBER
International Standard Book Number 0335203892
040 ## - CATALOGING SOURCE
Original cataloging agency DLC
Transcribing agency DLC
Modifying agency DLC
050 00 - LIBRARY OF CONGRESS CALL NUMBER
Classification number LB1028
Item number .B394 1999
082 00 - DEWEY DECIMAL CLASSIFICATION NUMBER
Classification number 001.42
Edition number 21
Item number BEL 1999
100 1# - MAIN ENTRY--PERSONAL NAME
Personal name Bell, Judith,
Dates associated with a name 1930-
9 (RLIN) 1096
245 10 - TITLE STATEMENT
Title Doing Your Research Project :
Remainder of title a guide for first-time researchers in education and social science
250 ## - EDITION STATEMENT
Edition statement 3rd ed.
260 ## - PUBLICATION, DISTRIBUTION, ETC. (IMPRINT)
Name of publisher, distributor, etc. Open University Press,
Date of publication, distribution, etc. 1999.
300 ## - PHYSICAL DESCRIPTION
Extent xiv, 230 p. :
Other physical details ill. ;
Dimensions 22 cm.
504 ## - BIBLIOGRAPHY, ETC. NOTE
Bibliography, etc Includes bibliographical references and index.
650 #0 - SUBJECT ADDED ENTRY--TOPICAL TERM
Topical term or geographic name as entry element Research methods
9 (RLIN) 1097
650 #0 - SUBJECT ADDED ENTRY--TOPICAL TERM
Topical term or geographic name as entry element Educational research
9 (RLIN) 1098
856 41 - ELECTRONIC LOCATION AND ACCESS
Materials specified Table of contents
Uniform Resource Identifier http://www.loc.gov/catdir/toc/mh051/99017596.html
906 ## - LOCAL DATA ELEMENT F, LDF (RLIN)
a 7
b cbc
c orignew
d 1
e ocip
f 19
g y-gencatlg
942 ## - ADDED ENTRY ELEMENTS (KOHA)
Source of classification or shelving scheme Dewey Decimal Classification
Koha item type Short Loan
Holdings
Withdrawn status Lost status Source of classification or shelving scheme Damaged status Not for loan Home library Current library Date acquired Source of acquisition Inventory number Total Checkouts Full call number Barcode Date last seen Price effective from Koha item type
    Dewey Decimal Classification     MUST Main Library MUST Main Library 17/09/2014   15316   370.7 BEL 1999 2014-2780 17/09/2014 17/09/2014 Short Loan